COLISÃO COM PÁSSAROS - Statistics

Estatísticas Gerais
  • Esse quiz foi jogado 517 vezes
  • A pontuação média é 5 de 9
Estatísticas das Respostas
Hint Resposta % Correto
Aeronave descontrolada
1
Reduzir gases
88%
2 Tentar controlar até 7000ft, caso contrário, saltar de paraquedas
75%
2 Verificar VMCA acima de 7000ft
63%
Aeronave controlada
1
Aproar AFA
55%
3 Em relação a VMCA: reduzir para 100kt, baixar trem, reduzir para 90kt, baixar 30° de flapes, reduzir para 80kt
53%
7 Caso VMCA não segura, saltar de paraquedas, acionando previamente os meios de resgate
48%
4 Caso haja tendência de rolamento, aumentar velocidade para acima da VMCA
40%
5 Retorno: perfil de final longa, 5kt acima da VMCA, toque por atitude
40%
6 Considerar possibilidade de pouso nas pistas do setor “W”
35%
Nenhum quiz correspondente encontrado
Distribuição das Pontuações
Porcentagem de Pessoas com Cada Pontuação
Percentil de Números Respondidos
Sua Pontuação Histórica
Você não jogou esse quiz